000 01352nam a2200253Ia 4500
003 Ost
005 20260507075408.0
008 260507s9999||||xx |||||||||||||| ||und||
020 _a9774101324
040 _cfsecg
041 _aara
082 _a300
100 _aجوهر، علي صالح
_eمؤلف
245 0 _aالتخطيط التربوي والتنمية /
_c علي صالح جوهر
260 _aالإسكندرية:
_bالمكتبة العصرية للنشر والتوزيع,
_c2009
300 _a229 صفحة؛
_c24 سم
504 _aالمراجع ص.220
520 _aيضم التخطيط التربوي وتطور فكرته، التخطيط التربوي في مصر، التخطيط التربوي والتنمية الاقتصادية في مصر، التخطيط لزيادة العائد الاقتصادي في التعليم، التخطيط لتقليل كلفة التعليم بالمؤسسات التعليمية، التخطيط لمواجهة مشكلة استنزاف العقول العربية، التخطيط لاستثمار الطاقات البشرية في القرن الحادي والعشرين
653 _aالتخطيط التربوي
653 _aالتنمية
653 _aالتنمية الإقتصادية
653 _aمصر- التخطيط التربوي
942 _cكتاب
999 _c44346
_d44346